Vlajky zemí bývalého Rakouska-Uherska – náhlá smrt - Statistics

General Stats
  • This quiz has been taken 26 times
  • The average score is 9 of 13
Answers on the Grid
Answers color-coded by a green-red scale on the quiz's grid according to % correct below.
 
Answer Stats
Answer % Correct
92%
92%
83%
83%
83%
75%
75%
67%
67%
67%
58%
42%
25%
No matching quizzes found
Score Distribution
Percent of People with Each Score
Percentile by Number Answered
Your Score History
You have not taken this quiz